MESTSKÁ KNIŽNICA GIRALTOVCE  - online katalóg 

Emma (Record no. 24099)

000 -NÁVESTIE
fixed length control field 01280cam a2200373 4500
001 - EVIDENČNÉ ČÍSLO ZÁZNAMU - Kontrolné číslo
control field vtls012284979
005 - DÁTUM A ČAS POSLEDNEJ TRANSAKCIE
control field 20251219141316.0
008 - ÚDAJE S PEVNOU DĹŽKOU – VŠEOBECNÉ INFORMÁCIE
fixed length control field 251008s2025 xo g 010 f slo
020 ## - MEDZINÁRODNÉ ŠTANDARDNÉ ČÍSLO KNIHY (ISBN)
Medzinárodné štandardné číslo knihy (ISBN) 9788057500308
Qualifying information (viazané)
040 ## - ZDROJ KATALOGIZÁCIE
Pôvodná katalogizujúca agentúra SNK
Jazyk katalogizácie slo
Prepisujúca agentúra SNK
Konvencie popisu rda
041 1# - KÓD JAZYKA
Kód jazyka textu/zvukovej stopy alebo samostatných nápisov slo
Kód jazyka originálu a/alebo sprostredkujúcich prekladov textu fre
044 ## - KÓD KRAJINY VYDAVATEĽA/PRODUCENTA
Kód krajiny MARC xo
Kód krajiny ISO SK
072 #7 - KÓD PREDMETOVEJ KATEGÓRIE
Kód predmetovej kategórie 821.133.1-3
Pododdiel kódu predmetovej kategórie Francúzska próza, francúzsky písaná
Zdroj konspekt
080 ## - ČÍSLO MEDZINÁRODNÉHO DESATINNÉHO TRIEDENIA (MDT)
Číslo Medzinárodného desatinného triedenia (MDT) 821.133.1-31
Identifikátor vydania 2011
080 ## - ČÍSLO MEDZINÁRODNÉHO DESATINNÉHO TRIEDENIA (MDT)
Číslo Medzinárodného desatinného triedenia (MDT) (0:82-312.4)
Identifikátor vydania 2011
100 1# - OSOBNÉ MENÁ – VŠEOBECNÉ INFORMÁCIE
Osobné meno Reno, Jean,
Dátumy súvisiace s menom 1948-
Kód roly aut
-- 5370
240 10 - UNIFIKOVANÝ NÁZOV
Unifikovaný názov Emma
Jazyk diela Slovensky
245 10 - NÁZOV
Názov Emma
Údaj o zodpovednosti atď. Jean Reno ; preložila Jarmila Pospěchová
264 #1 - VYDAVATEĽSKÉ ÚDAJE, DISTRIBÚCIA ATĎ. - RDA
Miesto publikovania, distribúcie atď. Bratislava
Názov vydavateľa, distibútora atď. Ikar, a.s.
Dátum publikovania, distribúcie atď. 2025
300 ## - FYZICKÝ POPIS
Rozsah 268 strán
Rozmery 21 cm
336 ## - TYP OBSAHU
Typ obsahu - termín text
Typ obsahu - kód txt
Zdroj rdacontent
337 ## - TYP MÉDIA
Typ média - termín bez média
Typ média - kód n
Zdroj rdamedia
338 ## - TYP NOSIČA
Typ nosiča - termín zväzok
Typ nosiča - kód nc
Zdroj rdacarrier
500 ## - VŠEOBECNÁ POZNÁMKA
Formátovaná poznámka o obsahu Obsahuje stručné biografické údaje o autorovi na zadnej strane obálky publikácie
500 ## - VŠEOBECNÁ POZNÁMKA
Formátovaná poznámka o obsahu Na obálke uvedené: Debutový román slávneho herca
655 #7 - INDEXAČNÝ TERMÍN – ŽÁNER/FORMA
Údaje o žánri/forme alebo termín, ktorý je prvok fazety francúzske romány
Zdroj termínu SNKPH
-- 2368
655 #7 - INDEXAČNÝ TERMÍN – ŽÁNER/FORMA
Údaje o žánri/forme alebo termín, ktorý je prvok fazety trilery (romány)
Zdroj termínu SNKPH
-- 2135
655 #7 - INDEXAČNÝ TERMÍN – ŽÁNER/FORMA
Údaje o žánri/forme alebo termín, ktorý je prvok fazety French fiction
Zdroj termínu SNKPHeng
-- 2366
655 #7 - INDEXAČNÝ TERMÍN – ŽÁNER/FORMA
Údaje o žánri/forme alebo termín, ktorý je prvok fazety Thrillers (novels)
Zdroj termínu SNKPHeng
-- 1722
700 1# - PRIDANÝ VSTUP – OSOBNÉ MENO
Osobné meno Pospěchová, Jarmila
Kód roly trl
-- 4542
958 ## - Formálny deskriptor
Formálny deskriptor LX
958 ## - Formálny deskriptor
Formálny deskriptor UP
Holdings
Stav stiahnutia (Blokovanie) (Withrawn status) Stav straty Zdroj klasifikácie pre skladovanie Stav poškodenia (Damaged status) Nie pre výpožičky (Not for loan) Spôsob nadobudnutia (Collection code) Trvalé umiestnenie Aktuálne umiestnenie Dátum nadobudnutia Náklady, bežná kúpna cena Inventárne číslo (prírastkové číslo) Celkom výpožičky Full call number Čiarový kód Vypožičaných Dátum posledného výskytu Dátum poslednej výpôžičky Cena s účinnosťou od Typ jednotky Koha
          Kúpa Mestská knižnica Giraltovce Mestská knižnica Giraltovce 2025-12-19 12.70 22470 2 B10986 B10986 2026-05-22 2026-04-22 2026-04-22 2025-12-19 Krásna literatúra pre dospelých

Powered by Koha